| 000 | 01265nam a22003611cc4500 | ||
|---|---|---|---|
| 001 | aaaa12952886+30 | ||
| 035 | _aaaaa12952886 | ||
| 008 | 151116s2011 gw |||| 000u ger d | ||
| 020 |
_a9783942130738 _9978-3-942130-73-8 |
||
| 041 | _ager | ||
| 100 | 1 |
_aStief, Martin _916813 |
|
| 245 | 0 | 0 |
_aBF informiert _pDesertionen im geteilten Berlin : Bekämpfung von Fahnenfluchten aus den Reihen der Bereitschaftspolizei im Jahr des Mauerbaus |
| 264 |
_aBerlin : _bBStU, _c2011 |
||
| 300 | _a98 S. | ||
| 336 |
_aText _btxt _2rdacontent |
||
| 337 |
_aComputermedien _bc _2rdamedia |
||
| 338 |
_aOnline-Ressource _bcr _2rdacarrier |
||
| 500 | _aOnline Ressource frei zugänglich | ||
| 650 | 0 |
_aDeutsche Frage _9115 |
|
| 650 | 0 | _aKalter Krieg | |
| 650 | 0 |
_aPolizei _9903 |
|
| 650 | 0 |
_aJustiz _91997 |
|
| 650 | 0 | _aMfS | |
| 651 | 0 |
_aBerlin _91262 |
|
| 246 | 1 | 2 |
_aBF informiert. Desertionen im geteilten Berlin : Bekämpfung von Fahnenfluchten aus den Reihen der Bereitschaftspolizei im Jahr des Mauerbaus _n30 |
| 773 | 0 | 8 |
_waaaa12952886 _q30 |
| 710 | 2 |
_aBUSt der ehemaligen DDR _914104 |
|
| 856 | 4 | _uhttp://www.nbn-resolving.org/urn:nbn:de:0292-97839421307388 | |
| 942 | _cEB | ||
| 040 | _cRU-10907106 | ||
| 003 | RU-10907106 | ||
| 999 |
_c26007 _d26007 |
||
| 490 | 0 |
_aBF informiert _v30 |
|